|
|
|
|
| LEADER |
00000naa2a2200000 4500 |
| 001 |
629415 |
| 005 |
20250915095429.0 |
| 035 |
|
|
|a (RuTPU)RU\TPU\conf\30025
|
| 035 |
|
|
|a RU\TPU\conf\30018
|
| 090 |
|
|
|a 629415
|
| 100 |
|
|
|a 20190620d2019 k y0rusy50 ca
|
| 101 |
0 |
|
|a rus
|
| 102 |
|
|
|a RU
|
| 105 |
|
|
|a y z 101zy
|
| 135 |
|
|
|a drcn ---uucaa
|
| 181 |
|
0 |
|a i
|
| 182 |
|
0 |
|a b
|
| 200 |
1 |
|
|a Создание сенсора на основе оксида графена для детектирования многокомпонентных органических соединений
|f А. А. Липовка, Е. В. Дорожко, В. Пракаш [и др.]
|g науч. рук. Р. Родригес
|
| 203 |
|
|
|a Текст
|c электронный
|
| 225 |
1 |
|
|a Теоретические и прикладные аспекты физической и аналитической химии
|
| 300 |
|
|
|a Заглавие с экрана
|
| 320 |
|
|
|a [Библиогр.: с. 255 (1 назв.)]
|
| 463 |
|
0 |
|0 (RuTPU)RU\TPU\conf\29907
|t Химия и химическая технология в XXI веке
|o материалы XX Международной научно-практической конференции имени профессора Л. П. Кулёва студентов и молодых ученых, 20–23 мая 2019 г., г. Томск
|f Национальный исследовательский Томский политехнический университет
|v [С. 254-255]
|d 2019
|
| 610 |
1 |
|
|a электронный ресурс
|
| 610 |
1 |
|
|a труды учёных ТПУ
|
| 610 |
1 |
|
|a сенсоры
|
| 610 |
1 |
|
|a графены
|
| 610 |
1 |
|
|a детектирование
|
| 610 |
1 |
|
|a органические соединения
|
| 610 |
1 |
|
|a оксид графена
|
| 610 |
1 |
|
|a электроника
|
| 701 |
|
1 |
|a Липовка
|b А. А.
|c химик
|c младший научный сотрудник Томского политехнического университета
|f 1993-
|g Анна Анатольевна
|3 (RuTPU)RU\TPU\pers\36571
|9 19616
|
| 701 |
|
1 |
|a Дорожко
|b Е. В.
|c химик
|c инженер Томского политехнического университета
|f 1979-
|g Елена Владимировна
|3 (RuTPU)RU\TPU\pers\27108
|9 12658
|
| 701 |
|
1 |
|a Пракаш
|b В.
|
| 701 |
|
1 |
|a Аль-Хамри
|b А.
|
| 701 |
|
1 |
|a Шеремет
|b Е. С.
|c физик
|c профессор Томского политехнического университета
|f 1988-
|g Евгения Сергеевна
|3 (RuTPU)RU\TPU\pers\40026
|9 21196
|
| 702 |
|
1 |
|a Родригес
|b Р.
|4 727
|
| 712 |
0 |
2 |
|a Национальный исследовательский Томский политехнический университет
|b Инженерная школа природных ресурсов
|b Отделение химической инженерии
|3 (RuTPU)RU\TPU\col\23513
|
| 712 |
0 |
2 |
|a Национальный исследовательский Томский политехнический университет
|b Исследовательская школа физики высокоэнергетических процессов
|c (2017- )
|3 (RuTPU)RU\TPU\col\23551
|
| 801 |
|
2 |
|a RU
|b 63413507
|c 20210113
|g RCR
|
| 856 |
4 |
|
|u http://earchive.tpu.ru/handle/11683/55574
|
| 942 |
|
|
|c BK
|